|
|
|
|
| LEADER |
00683nab a2200169 i 4500 |
| 001 |
acta184 |
| 005 |
20210616154122.0 |
| 008 |
161015s1932 hu o 0|| ger d |
| 040 |
|
|
|a SZTE Egyetemi Kiadványok Repozitórium
|b hun
|
| 041 |
|
|
|a ger
|
| 100 |
2 |
|
|a Dr. Kiss Vilmos
|
| 245 |
1 |
0 |
|a Frühkupferzeitliche Friedhöfe zu Pusztaistvánháza u. Konyár
|h [elektronikus dokumentum] /
|c Dr. Kiss Vilmos
|
| 260 |
|
|
|c 1932
|
| 300 |
|
|
|a 275
|
| 490 |
0 |
|
|a Dolgozatok a Magyar Királyi Ferencz József Tudományegyetem Archaeologiai Intézetéből
|v 8
|
| 695 |
|
|
|a Pusztaistvánháza, Konyár, korarézkori temető
|
| 856 |
4 |
0 |
|u http://acta.bibl.u-szeged.hu/184/1/dolgozatok_1932_275.pdf
|z Dokumentum-elérés
|